00262nam a2200097Ia 4500008004100000100003400041245001800075260004400093300000900137650001800146191201s2002 xx 000 0 und d aYOGANANDA, Sri Sri Parmahansa 0aBhagavad Gita aN. delhibYogoda Satsanga Societyc2002 aNULL aGeneral Books